La bioética: naturaleza, principios, opciones

Saved in:
Bibliografiske detaljer
Hovedforfatter: Durand, Guy (Author)
Format: Bog
Sprog:spansk
Udgivet: Bilbao Desclee de Brouwer 1992
Fag:
Tags: Tilføj Tag
Ingen Tags, Vær først til at tagge denne postø!

MARC

LEADER 00000nam a2200000 a 4500
001 UCX8897
003 CL-VaPUC
008 940505e19920000SP |||||||||||||||||spa|d
082 0 4 |a 170  |b DUR  |2 21 
100 0 |a Durand, Guy  |e author  |9 326132 
245 1 3 |a La bioética: naturaleza, principios, opciones 
300 |a 132 p 
942 |c BK 
945 |d 19940505 00:00:00  |a aalvarez 
260 |a Bilbao  |b Desclee de Brouwer  |c 1992 
650 0 |a Bioética  |9 256117 
583 |a last modification  |c 19940505 00:00:00  |k Rodrigo Vera 
999 |c 228266  |d 228264 
952 |0 0  |1 0  |4 0  |6 170_000000000000000_DUR_1992  |7 0  |8 A  |9 228149  |a BIBEDU  |b BIBEDU  |d 2019-11-15  |i 2976366  |o 170 DUR 1992  |p 2976366  |r 2019-11-15  |w 2019-11-15  |y BK  |k EDU